[Event "Klatovy op-B 29th"]
[Site "Klatovy"]
[Date "2023.07.08"]
[Round "8"]
[White "Mlynek, Jakub"]
[Black "Bukvaj, Martin"]
[Result "1/2-1/2"]
[WhiteElo "1223"]
[BlackElo "1527"]
[PlyCount "71"]
[EventDate "2023.07.01"]
[EventType "swiss"]
[EventRounds "9"]
[EventCountry "CZE"]
[SourceTitle "CBM 215 Extra"]
[Source "ChessBase"]
[SourceDate "2023.09.30"]
[SourceVersion "1"]
[SourceVersionDate "2023.09.30"]
[SourceQuality "1"]

1. d4 Nf6 2. c4 g6 3. Nf3 Bg7 4. Bf4 d6 5. Nc3 0-0 6. e3 Nbd7 7. Bg3 Re8 8. Be2 Nh5 9. 0-0 Nxg3 10. hxg3 e5 11. Rc1 a6 12. d5 e4 13. Nd4 h5 14. Qd2 h4 15. g4 Qg5 16. Nd1 Ne5 17. f4 exf3 18. gxf3 Qh6 19. Kh2 g5 20. e4 Ng6 21. Ne3 Be5+ 22. Kh1 Qh8 23. Rcd1 Nf4 24. Ng2 Bxd4 25. Nxf4 Bxb2 26. Nh3 Bf6 27. Nxg5 Qg7 28. Nh3 Bd7 29. Rb1 Rab8 30. Qc2 Be5 31. f4 Bd4 32. f5 Qe5 33. Bf3 Qg3 34. Qg2 Qxg2+ 35. Kxg2 b5 36. cxb5 1/2-1/2

[Event "Klatovy op-B 29th"]
[Site "Klatovy"]
[Date "2023.07.02"]
[Round "2"]
[White "Cervenka, Jakub"]
[Black "Bukvaj, Martin"]
[Result "0-1"]
[WhiteElo "1320"]
[BlackElo "1527"]
[PlyCount "66"]
[EventDate "2023.07.01"]
[EventType "swiss"]
[EventRounds "9"]
[EventCountry "CZE"]
[SourceTitle "CBM 215 Extra"]
[Source "ChessBase"]
[SourceDate "2023.09.30"]
[SourceVersion "1"]
[SourceVersionDate "2023.09.30"]
[SourceQuality "1"]

1. e4 c5 2. Nf3 Nc6 3. d4 cxd4 4. Nxd4 g6 5. Nc3 Bg7 6. Be3 Nf6 7. Be2 0-0 8. 0-0 d6 9. Qd2 Bd7 10. f4 Nxd4 11. Bxd4 Bc6 12. Bd3 Qa5 13. Rad1 Qb4 14. Ne2 Qxd2 15. Rxd2 Nxe4 16. Bxe4 Bxe4 17. Bxg7 Kxg7 18. Nc3 Bc6 19. Re1 Rfe8 20. Rde2 e6 21. Rd2 Rad8 22. Red1 d5 23. Kf2 b6 24. g3 f6 25. a3 g5 26. Ke3 gxf4+ 27. gxf4 Kf7 28. Ne2 e5 29. f5 h5 30. h4 Rg8 31. Rg1 Rxg1 32. Nxg1 Rg8 33. Rh2 Rxg1 0-1

[Event "CZE-ch U14"]
[Site "Herlikovice"]
[Date "2021.10.27"]
[Round "5"]
[White "Ocelak, David"]
[Black "Bukvaj, Martin"]
[Result "0-1"]
[WhiteElo "1668"]
[BlackElo "1354"]
[PlyCount "32"]
[EventDate "2021.10.23"]
[EventType "swiss"]
[EventRounds "9"]
[EventCountry "CZE"]
[SourceTitle "EXT 2023"]
[Source "ChessBase"]
[SourceDate "2022.10.05"]
[SourceVersion "1"]
[SourceVersionDate "2022.10.05"]
[SourceQuality "1"]

1. e4 c5 2. Nf3 Nc6 3. d4 cxd4 4. Nxd4 g6 5. Nc3 Bg7 6. Be3 Nf6 7. Bc4 0-0 8. f3 Qb6 9. Qd2 Nxe4 10. fxe4 Bxd4 11. Bh6 Qxb2 12. Ke2 Bxc3 13. Qg5 Qxc2+ 14. Kf1 Qxe4 15. Bxf8 Qxc4+ 16. Kf2 Bd4+ 0-1

[Event "EU-ch U10"]
[Site "Bratislava"]
[Date "2019.08.08"]
[Round "7"]
[White "Villa Tornero, Alex"]
[Black "Bukvaj, Martin"]
[Result "1-0"]
[WhiteElo "1641"]
[BlackElo "1286"]
[PlyCount "55"]
[EventDate "2019.08.02"]
[EventType "swiss"]
[EventRounds "9"]
[EventCountry "SVK"]
[SourceTitle "EXT 2020"]
[Source "ChessBase"]
[SourceDate "2019.10.17"]
[SourceVersion "1"]
[SourceVersionDate "2019.10.17"]
[SourceQuality "1"]

1. e4 e5 2. d4 exd4 3. Qxd4 Nc6 4. Qe3 d6 5. Nc3 Be7 6. Bd2 Nf6 7. 0-0-0 Be6 8. Qg3 g6 9. f4 Qd7 10. h3 0-0-0 11. Nf3 h5 12. Bb5 a6 13. Ba4 Qe8 14. Rhe1 Bd7 15. Be3 Na5 16. Bxd7+ Qxd7 17. Bg1 b5 18. Ng5 Rdf8 19. e5 h4 20. Qf2 Ne8 21. e6 fxe6 22. Nxe6 Rf6 23. Qa7 Qc6 24. Nd5 Rf7 25. Bb6 Nb7 26. Qa8+ Kd7 27. Nxe7 Rxe7 28. Nc5+ 1-0

[Event "EU-ch U10"]
[Site "Bratislava"]
[Date "2019.08.06"]
[Round "5"]
[White "Wielgus, Wojciech"]
[Black "Bukvaj, Martin"]
[Result "1/2-1/2"]
[WhiteElo "1655"]
[BlackElo "1286"]
[PlyCount "78"]
[EventDate "2019.08.02"]
[EventType "swiss"]
[EventRounds "9"]
[EventCountry "SVK"]
[SourceTitle "EXT 2020"]
[Source "ChessBase"]
[SourceDate "2019.10.17"]
[SourceVersion "1"]
[SourceVersionDate "2019.10.17"]
[SourceQuality "1"]

1. e4 e5 2. Nf3 Nc6 3. Bb5 Nf6 4. 0-0 a6 5. Bxc6 dxc6 6. Nxe5 Be7 7. d3 0-0 8. Be3 Ne8 9. Nc3 f5 10. exf5 Bxf5 11. Nc4 Nf6 12. Ne2 Nd5 13. Ng3 Bg6 14. d4 Bf6 15. c3 Re8 16. Re1 Qd7 17. a4 Re7 18. Bd2 Rae8 19. Rxe7 Rxe7 20. Qb3 b5 21. Ne3 h5 22. Nxd5 Qxd5 23. Qxd5+ cxd5 24. axb5 axb5 25. Re1 Rxe1+ 26. Bxe1 Bg5 27. Ne2 Bd3 28. Kf1 Bc4 29. b4 Kf7 30. g3 Ke6 31. f4 Be7 32. Kf2 Kf5 33. Ng1 g5 34. Bd2 g4 35. Ne2 Ke4 36. Nc1 Bf6 37. Be3 Be7 38. Ne2 Kd3 39. Nc1+ Ke4 1/2-1/2

[Event "EU-ch U10"]
[Site "Bratislava"]
[Date "2019.08.05"]
[Round "4"]
[White "Bukvaj, Martin"]
[Black "Gut, Lionel"]
[Result "1-0"]
[WhiteElo "1286"]
[BlackElo "1663"]
[PlyCount "61"]
[EventDate "2019.08.02"]
[EventType "swiss"]
[EventRounds "9"]
[EventCountry "SVK"]
[SourceTitle "EXT 2020"]
[Source "ChessBase"]
[SourceDate "2019.10.17"]
[SourceVersion "1"]
[SourceVersionDate "2019.10.17"]
[SourceQuality "1"]

1. e4 c5 2. Nf3 e6 3. Nc3 a6 4. d4 cxd4 5. Nxd4 Qc7 6. a3 Nc6 7. Be3 Nf6 8. Be2 Be7 9. 0-0 0-0 10. f4 Nxd4 11. Bxd4 Bc5 12. Kh1 Bxd4 13. Qxd4 d6 14. Rad1 Rd8 15. Rf3 b5 16. Rg3 Bb7 17. Qxf6 g6 18. Rgd3 Rac8 19. Bf3 Ba8 20. Qd4 Qb8 21. Qe3 a5 22. Qd2 Rc6 23. f5 b4 24. Nb1 bxa3 25. bxa3 Rb6 26. Nc3 exf5 27. exf5 Bxf3 28. Rxf3 Rc8 29. f6 Kf8 30. Re1 Rb1 31. Qh6+ 1-0

[Event "EU-ch U10"]
[Site "Bratislava"]
[Date "2019.08.03"]
[Round "2"]
[White "Bukvaj, Martin"]
[Black "Arora, Abhiraaj"]
[Result "1/2-1/2"]
[WhiteElo "1286"]
[BlackElo "1463"]
[PlyCount "149"]
[EventDate "2019.08.02"]
[EventType "swiss"]
[EventRounds "9"]
[EventCountry "SVK"]
[SourceTitle "EXT 2020"]
[Source "ChessBase"]
[SourceDate "2019.10.17"]
[SourceVersion "1"]
[SourceVersionDate "2019.10.17"]
[SourceQuality "1"]

1. e4 e5 2. Nf3 Nc6 3. Bb5 a6 4. Ba4 Nf6 5. Nc3 b5 6. Bb3 Bc5 7. d3 h6 8. 0-0 d6 9. h3 0-0 10. Re1 Bb7 11. Ne2 Ne7 12. Ng3 Bb6 13. Nh4 Qd7 14. Nhf5 Nxf5 15. Nxf5 d5 16. Qf3 dxe4 17. dxe4 Kh7 18. Ng3 c5 19. c3 Rad8 20. Qf5+ Qxf5 21. exf5 e4 22. Bf4 c4 23. Bc2 Rfe8 24. Re2 e3 25. Bxe3 Bc7 26. Rae1 Rd5 27. Bd4 Rxe2 28. Rxe2 Bd6 29. Nf1 Bf8 30. Bxf6 gxf6 31. Rd2 Rxd2 32. Nxd2 h5 33. h4 Kh6 34. Ne4 Kg7 35. g3 Bc8 36. Nd2 Bb7 37. Kf1 Bc8 38. Ke2 Bb7 39. b3 cxb3 40. Nxb3 Bd5 41. Ke3 Bd6 42. f4 Bc7 43. Kd4 Bc4 44. Kc5 Kf8 45. Bd1 Bf1 46. Nd4 Ba5 47. Bxh5 Bxc3 48. Ne2 Ba5 49. Bf3 Bd8 50. h5 Bc7 51. g4 Bd8 52. a4 bxa4 53. Kb4 a5+ 54. Kxa4 Bc7 55. g5 Bh3 56. Be4 Bg4 57. Nd4 Bxh5 58. gxf6 Bxf4 59. Kxa5 Be5 60. Nc6 Bxf6 61. Kb5 Be2+ 62. Kc5 Be7+ 63. Nxe7 Kxe7 64. Kd4 Kf6 65. Ke3 Ke5 66. Bc2 Bg4 67. Bb3 f6 68. Be6 Bh3 69. Bc8 Bg2 70. Be6 Bd5 71. Bc8 Bc6 72. Be6 Be8 73. Bc8 Bf7 74. Be6 Bh5 75. Bc8 1/2-1/2

[Event "Klatovy op-B 23rd"]
[Site "Klatovy"]
[Date "2017.07.03"]
[Round "3"]
[White "Novotny, Jaromir"]
[Black "Bukvaj, Martin"]
[Result "1-0"]
[WhiteElo "1394"]
[BlackElo "1100"]
[PlyCount "39"]
[EventDate "2017.07.01"]
[EventType "swiss"]
[EventRounds "9"]
[EventCountry "CZE"]
[SourceTitle "EXT 2018"]
[Source "ChessBase"]
[SourceDate "2017.10.13"]
[SourceVersion "1"]
[SourceVersionDate "2017.10.13"]
[SourceQuality "1"]

1. e4 e5 2. Nf3 Nc6 3. d4 exd4 4. Bc4 d5 5. Bxd5 Nf6 6. Bg5 Bc5 7. 0-0 0-0 8. Bb3 Re8 9. Nbd2 Bb4 10. Ba4 Bxd2 11. Nxd2 Qe7 12. f3 Ne5 13. Bxe8 Qxe8 14. Nb3 Nc4 15. Qxd4 Be6 16. Bxf6 gxf6 17. Rfd1 Nd6 18. Qxf6 Kf8 19. Nc5 Qe7 20. Qh8# 1-0